From pictures to letters : (Record no. 197110)
[ view plain ]
| 000 -LEADER | |
|---|---|
| fixed length control field | 00606 a2200169 4500 |
| 003 - CONTROL NUMBER IDENTIFIER | |
| control field | Nust |
| 005 - DATE AND TIME OF LATEST TRANSACTION | |
| control field | 20230310122014.0 |
| 040 ## - CATALOGING SOURCE | |
| Transcribing agency | Nust |
| 082 ## - DEWEY DECIMAL CLASSIFICATION NUMBER | |
| Classification number | 371.102,WAL |
| 100 ## - MAIN ENTRY--PERSONAL NAME | |
| Personal name | Ellen, Walople |
| 9 (RLIN) | 110152 |
| 245 ## - TITLE STATEMENT | |
| Title | From pictures to letters : |
| Remainder of title | First steps in the teaching of reading and writing / |
| Statement of responsibility, etc. | Ellen Walpole |
| 260 ## - PUBLICATION, DISTRIBUTION, ETC. | |
| Place of publication, distribution, etc. | London |
| Name of publisher, distributor, etc. | Trubner & Co.ltd |
| Date of publication, distribution, etc. | 1937 |
| 300 ## - PHYSICAL DESCRIPTION | |
| Extent | 243,p; |
| 505 ## - FORMATTED CONTENTS NOTE | |
| Formatted contents note | Part.1 A Word to Teachers (Page-15), Part.2 Muscle Training (Page-34), Part.3 The Teaching of the Letters (Page-59), Part.4 More Training in Letters (Page-161). |
| 650 ## - SUBJECT ADDED ENTRY--TOPICAL TERM | |
| Topical term or geographic name entry element | Teaching |
| 9 (RLIN) | 49671 |
| 942 ## - ADDED ENTRY ELEMENTS (KOHA) | |
| Source of classification or shelving scheme | |
| Koha item type | Book |
| Withdrawn status | Lost status | Source of classification or shelving scheme | Damaged status | Not for loan | Permanent Location | Current Location | Shelving location | Date acquired | Full call number | Barcode | Date last seen | Price effective from | Koha item type | Public note |
|---|---|---|---|---|---|---|---|---|---|---|---|---|---|---|
| Military College of Signals (MCS) | Military College of Signals (MCS) | General Stacks | 12/12/2016 | 371.102,WAL | MCS29918 | 12/08/2016 | 12/12/2016 | Book | Almirah No.74, Shelf No.3 |
